Dovolenka

Nárok na dovolenku, druhy dovolenky, dĺžka dovolenky. Čerpanie dovolenky, krátenie dovolenky, preplatenie dovolenky. Dovolenka a sviatok. Špecifické prípady a nárok na dovolenku.

Gespeichert in:
Bibliographische Detailangaben
1. Verfasser: Kováčová, Jana
Format: Buchkapitel
Sprache:Slowakisch
Schlagworte:
Tags: Tag hinzufügen
Keine Tags, Fügen Sie das erste Tag hinzu!

MARC

LEADER 00000naa$a2200000$$$4500
001 0079000
005 20231120082339.2
041 0 |a slo 
044 |a SK 
245 1 0 |a Dovolenka  |c Jana Kováčová 
520 |a Nárok na dovolenku, druhy dovolenky, dĺžka dovolenky. Čerpanie dovolenky, krátenie dovolenky, preplatenie dovolenky. Dovolenka a sviatok. Špecifické prípady a nárok na dovolenku. 
610 2 0 |a dovolenka 
610 2 0 |a právo pracovné 
100 1 |a Kováčová, Jana